000 00475nam a22001937a 4500
003 OSt
005 20241025121434.0
008 241025b |||||||| |||| 00| 0 eng d
040 _cMRSPTU
041 _aENG
082 _a634.3
_bAG-P
100 _aAggarwal, Poonam
245 _aProcessing and Value Addition of Kinnow and Its By-Products
260 _aLudhiana
_bPAU
_c2018
300 _a15
650 _aAgriculture
700 _aKaur, Sukhpreet
942 _2ddc
_cBK
_n0
999 _c10385
_d10385